Vowels - Statistics

General Stats
  • This quiz has been taken 50 times
  • The average score is 7 of 7
Answer Stats
Answer % Correct
A
100%
E
100%
O
100%
I
97%
U
97%
Y
97%
W
81%
No matching quizzes found
Score Distribution
Percent of People with Each Score
Percentile by Number Answered
Your Score History
You have not taken this quiz